| 000 | 01060nam a2200217Ia 4500 | ||
|---|---|---|---|
| 001 | 7347 | ||
| 003 | GE_BSU | ||
| 008 | 181216s||||||||xx |||||||||||||| ||und|| | ||
| 020 | _a9992898968 | ||
| 040 | _cGE_BSU | ||
| 080 | _a821.353.1 | ||
| 100 | _aღვინჯილია ჯანსუღ | ||
| 245 | _aთხზულებანი 4 ტომად. | ||
| 245 | _bტ. 4. ქართლოსის საფლავი (რომანი). განსაცდელი – ოცდამეერთე საუკუნე (დაუმთავრებელი რომანი). უკანასკნელი წლების პუბლიკაციები და ჩანაწერები. ინტერვიუ. შტრიხები პორტრეტებისათვის. | ||
| 260 | _aთბილისი. | ||
| 260 | _bსაქართველო. | ||
| 260 | _c2005. | ||
| 300 | _a1026 გვ.; 22 სმ. | ||
| 653 | _aთხზულებანი 4 ტომად. | ||
| 942 | _cBK | ||
| 999 |
_c40711 _d40711 |
||